[Event "FIDE Chesscom Grand Swiss 2021"]
[Site "Riga"]
[Date "2021.11.06"]
[Round "10.22"]
[White "Ter-Sahakyan, Samvel"]
[Black "Swiercz, Dariusz"]
[Result "1/2-1/2"]
[WhiteElo "2607"]
[BlackElo "2647"]
[Annotator "TA"]
[PlyCount "79"]
[EventDate "2021.10.27"]
[EventType "swiss"]
[EventCountry "LAT"]
[Tiebreak "Cut1 Buchholz+Sonneborn-Berger (Swiss)"]
[SourceTitle "playchess.com"]
[Source "ChessBase"]
[SourceQuality "1"]

{[%evp 12,79,18,20,14,-9,-16,-24,-7,-13,-8,-19,-20,-14,-32,-24,-5,-30,-32,-33,
-32,-32,-32,-32,-32,-43,-32,-32,-32,-32,-36,-32,-11,-32,-32,-32,-33,-34,-39,
-39,-29,-33,-33,-50,-29,-29,-29,-29,-29,-66,-66,-66,-66,-66,-44,-59,-44,-44,
-44,-44,-44,-44,-44,-44,0,-44,0,-44,0,-44]} 1. d4 Nf6 2. c4 e6 3. Nf3 d5 4. Nc3
Nbd7 5. Bf4 Bb4 6. cxd5 exd5 7. e3 Ne4 {D35: Queen's Gambit Declined: Exchange
Variation.} 8. Rc1 g5 9. Be5 f6 {Black has an edge.} 10. Bg3 h5 {[#]} 11. h4
$146 ({Predecessor:} 11. Qb3 Bxc3+ 12. bxc3 Nb6 13. h4 g4 14. Nd2 Nxd2 15. Kxd2
Be6 16. a4 a5 17. Bb5+ {0-1 (53) Shinkevich,V (2439)-Popov,V (2532) St
Petersburg 2018}) 11... g4 {[#] Strongly threatening ...Bxc3+.} 12. Ng1 Nxg3
13. fxg3 Qe7 14. Kf2 c6 15. Nge2 Bd6 16. Nf4 Bxf4 17. exf4 f5 18. Bd3 {[#] And
now Re1 would win.} Nf6 19. Re1 Ne4+ 20. Bxe4 fxe4 21. Qd2 O-O 22. Nd1 a5 23.
Ne3 Qd6 24. Rc3 Bd7 25. Rec1 a4 26. a3 Ra6 {[%cal Ba8a6,Ba6b6,Bb6b3][%mdl 32]}
27. R1c2 Rb6 28. Rc5 Rb3 {aiming for ...Rd3.} 29. R5c3 Rxc3 30. bxc3 b5 ({
But not} 30... Qxa3 $6 31. Ra2 $11) 31. Qc1 $1 Kf7 32. Qb2 Ke7 33. Qb4 Qxb4 34.
cxb4 $15 {[%mdl 4096] Endgame KRB-KRN} Kd6 35. Rc5 Bf5 36. Ke2 Rf7 37. Kd2 Rf8
38. Ke2 Rf7 39. Kd2 Rf8 40. Ke2 {Weighted Error Value: White=0.05/Black=0.08}
1/2-1/2

[Event "FIDE Chesscom Grand Swiss 2021"]
[Site "Riga"]
[Date "2021.11.06"]
[Round "10.23"]
[White "Svidler, Peter"]
[Black "Antipov, Mikhail Al."]
[Result "1/2-1/2"]
[WhiteElo "2694"]
[BlackElo "2619"]
[Annotator "TA"]
[PlyCount "78"]
[EventDate "2021.10.27"]
[EventType "swiss"]
[EventCountry "LAT"]
[Tiebreak "Cut1 Buchholz+Sonneborn-Berger (Swiss)"]
[SourceTitle "playchess.com"]
[Source "ChessBase"]
[SourceQuality "1"]

{[%evp 16,78,16,12,12,6,3,14,12,16,12,0,4,0,0,-41,-35,-41,-42,-42,-42,-44,-43,
-47,-39,-35,-9,-10,-13,-10,-13,-36,-28,-36,-18,-31,-33,-32,-33,-40,-43,-38,-44,
-51,-60,-61,-56,-56,-55,-69,-12,-17,-21,-23,0,0,0,0,0,0,0,0,0,0,0]} 1. d4 Nf6
2. c4 g6 3. Nc3 d5 4. Nf3 Bg7 5. Bg5 Ne4 6. Bf4 Nxc3 7. bxc3 c5 8. e3 O-O 9.
Be2 dxc4 {D80: Grünfeld: Unusual White 4th moves and 4 Bg5.} 10. Bxc4 cxd4 11.
cxd4 Qa5+ 12. Qd2 Nc6 13. Rb1 b6 14. Qxa5 Nxa5 15. Bd5 {[#]} Bf5 $146 {[%cal
Rf5b1]} ({Predecessor:} 15... Bb7 16. Bxb7 Nxb7 17. Ke2 Rac8 18. Rhc1 Rfd8 19.
g4 Na5 20. Kd3 Nc6 21. Ke4 e6 {1/2-1/2 (53) Hackner,O (2063)-Talbot,M Torquay
2013}) 16. e4 {[#]} Rad8 17. Rc1 Bg4 18. Ne5 Bc8 {And now ...e6 would win.} 19.
Be3 e6 20. Bb3 Ba6 21. f3 Nxb3 22. axb3 f5 23. Rc7 f4 24. Bd2 Bb5 (24... Rxd4 {
is interesting.} 25. Nc6 Rd6 26. Ne7+ Kh8 27. Nc6 Bb5) 25. Bc3 Bxe5 26. dxe5 a5
27. h4 Rf7 28. Rxf7 Kxf7 $15 {[%mdl 4096] Endgame KRB-KRB} 29. Bd2 Rd3 30. Bxf4
Rxb3 {[#] Threatens to win with ...Rb1+.} 31. Kd2 a4 32. Rc1 a3 (32... Rd3+ $15
33. Kc2 Bc4) 33. Rc7+ $11 Ke8 {aiming for ...Ba4.} 34. Ra7 Bc4 35. Bh6 $1 {
The position is equal.} b5 36. Ra8+ $1 Kf7 (36... Kd7 $5 37. Bf8 $8 Rb2+ 38.
Kc3 Rb3+ 39. Kd2 Rb2+ 40. Kc3 Rxg2 41. Rxa3 Rf2 $11) 37. Ra7+ Ke8 38. Ra8+ $1
Kf7 {...b4 is the strong threat.} (38... Kd7 $5 39. Bf8 $8 Rb2+ 40. Kc3 Rb3+
41. Kd2 Rb2+ 42. Kc3 Rb3+ 43. Kd2 $11) 39. Ra7+ Ke8 {Weighted Error Value:
White=0.04/Black=0.05} 1/2-1/2

[Event "FIDE Chesscom Grand Swiss 2021"]
[Site "Riga"]
[Date "2021.11.06"]
[Round "10.24"]
[White "Erigaisi Arjun"]
[Black "Navara, David"]
[Result "1/2-1/2"]
[WhiteElo "2634"]
[BlackElo "2691"]
[Annotator "TA"]
[PlyCount "103"]
[EventDate "2021.10.27"]
[EventType "swiss"]
[EventCountry "LAT"]
[Tiebreak "Cut1 Buchholz+Sonneborn-Berger (Swiss)"]
[SourceTitle "playchess.com"]
[Source "ChessBase"]
[SourceQuality "1"]

{[%evp 15,103,8,15,12,11,5,0,0,12,6,12,0,8,14,35,0,0,0,16,7,16,17,11,0,0,0,0,
-22,-24,-48,0,0,0,0,0,0,0,0,0,0,0,0,0,0,0,0,0,0,8,8,71,33,102,0,0,0,0,0,0,0,0,
0,0,0,0,0,0,0,0,0,0,0,0,0,0,0,0,0,0,0,0,0,0,0,0,0,0,0,0,0]} 1. d4 Nf6 2. c4 g6
3. Nc3 d5 4. cxd5 Nxd5 5. e4 Nxc3 6. bxc3 Bg7 7. Qa4+ Nd7 8. Nf3 O-O 9. Be2 {
D85: Exchange Grünfeld: Unusual White 7th moves and lines with 7 Nf3.} Nb6 10.
Qd1 c5 11. O-O Bg4 12. Be3 Rc8 13. Rb1 cxd4 14. cxd4 {[#]} e6 $146 ({
Predecessor:} 14... Nc4 15. Bxc4 Rxc4 16. Qb3 Rc7 17. Bf4 Rc8 18. d5 Rc3 19.
Qxb7 Bxf3 20. gxf3 Rxf3 {1-0 (47) Krasenkow,M (2627)-Krzyzanowski,M (2457)
Poland 2017}) 15. h3 Bxf3 16. Bxf3 Rc7 17. d5 exd5 18. exd5 Qd6 19. Rc1 Nc4 20.
Bxa7 Bh6 21. Rc2 b6 22. Qe2 Ne5 (22... Nd2 $5 23. Rxd2 Bxd2 24. Bxb6 Qxb6 25.
Qxd2 Rc4 $11) 23. Rxc7 Qxc7 24. Qa6 Nxf3+ 25. gxf3 Qd7 {[#] Hoping for ...Ra8.}
26. Qxb6 Qxh3 {...Bf4 is the strong threat.} 27. Qf6 {Bd4 would kill now.} Bg7
28. Qf4 $36 {[%mdl 2048] White fights for an advantage.} Qd7 29. Bc5 Rc8 30.
Bd6 h5 31. Rb1 g5 32. Qb4 Rc3 (32... Bf6 $11) 33. Kg2 h4 {[#]} 34. Rd1 (34. a4
$1 $16) 34... h3+ $11 {The position is equal.} 35. Kg1 Rxf3 36. Qe4 Rxf2 37.
Kxf2 Qxd6 {[%mdl 4096] Endgame KQR-KQB} 38. Kg1 Qg3+ 39. Kh1 {Black must now
prevent Rg1.} Be5 {[%csl Ge5][%cal Rg3h2]} 40. Qe2 Bd6 41. Rg1 Qf4 42. Rf1 Qa4
43. Qe3 Bf4 44. Rxf4 gxf4 45. Qxh3 Qxa2 (45... Qd4 {with more complications.}
46. Qg2+ Kf8 47. Qg5 Ke8 48. Kg2 Qe4+) 46. Qg2+ Qxg2+ 47. Kxg2 {KPP-KP} Kf8 48.
Kf3 Ke7 49. Kxf4 Kd6 50. Ke4 f6 51. Kf5 Kxd5 52. Kxf6 {Weighted Error Value:
White=0.07/Black=0.06} 1/2-1/2

[Event "FIDE Chesscom Grand Swiss 2021"]
[Site "Riga"]
[Date "2021.11.06"]
[Round "10.25"]
[White "Van Foreest, Jorden"]
[Black "Ponomariov, Ruslan"]
[Result "1-0"]
[WhiteElo "2691"]
[BlackElo "2631"]
[Annotator "TA"]
[PlyCount "83"]
[EventDate "2021.10.27"]
[EventType "swiss"]
[EventCountry "LAT"]
[Tiebreak "Cut1 Buchholz+Sonneborn-Berger (Swiss)"]
[SourceTitle "playchess.com"]
[Source "ChessBase"]
[SourceQuality "1"]

{[%evp 11,83,7,10,15,8,7,19,20,16,2,23,6,16,13,4,17,20,8,11,15,15,15,16,10,24,
11,10,4,55,53,60,51,47,72,64,69,155,152,198,201,210,206,214,207,316,316,358,
262,265,265,265,265,265,264,255,251,251,35,447,439,1465,1421,29972,29973,29979,
29980,29979,29980,29977,0,1895,0,5510,5389]} 1. e4 e5 2. Nf3 Nc6 3. Bc4 Nf6 4.
d3 Bc5 5. c3 d6 6. O-O h6 7. b4 {C54: Giuoco Piano: 4 c3 Nf6, main lines with
5 d4 and 5 d3.} Bb6 8. Re1 {8.Nbd2 is setting a new trend.} O-O 9. Nbd2 {
The position is equal.} Ne7 10. d4 Ng6 11. Bf1 Re8 12. Qc2 c6 13. h3 Bc7 {[#]}
14. dxe5 $146 ({Predecessor:} 14. Rb1 Bd7 15. a4 Qc8 16. dxe5 dxe5 17. a5 b6
18. Nc4 Be6 19. axb6 axb6 20. b5 {1/2-1/2 (42) Vega Gutierrez,S (2413)
-Stefanova,A (2527) Gallipoli 2017}) 14... Nxe5 15. Nxe5 dxe5 16. a4 Be6 17.
Nc4 b5 18. Rd1 Qb8 19. Ne3 a5 ({Black should try} 19... Qb7 $11) 20. axb5 $14
cxb5 21. Nd5 Nxd5 22. exd5 Bd7 23. d6 $1 {[%cal Rd6c7]} Bxd6 (23... Bb6 $14)
24. Rxa5 $16 Re6 {[#]} 25. c4 $1 {aiming for Rxa8.} Bc6 26. cxb5 Rxa5 27. bxc6
({Don't do} 27. bxa5 $6 Bxb5 28. Qb3 Bxf1 $16) 27... Ra8 ({Wrong is} 27... Bxb4
$2 28. c7 $18) (27... Ra1 $142 28. b5 e4) 28. b5 $18 Bc7 29. Rd7 Rd6 {[#]} 30.
Rxd6 Bxd6 31. Be3 Bc7 {and the idea ...Bb6 leaves Black hopeful.} 32. Qc5 Ra5
33. g3 Qd8 34. Kg2 $2 ({White should play} 34. Qc2 $18) 34... e4 $2 {[%mdl
8192]} (34... Qd1 $1 $14) 35. Qd4 Ra3 (35... Qe8 $142 36. Qc3 Qd8) 36. b6 Rxe3
37. bxc7 ({Less strong is} 37. Qxe3 Bxb6 38. Qxe4 g6 $16) 37... Qxd4 38. c8=Q+
Kh7 39. Qf5+ {[%mdl 64] Double Attack} Kg8 40. Qc8+ (40. fxe3 $142 Qd2+ 41. Kg1
g6 42. Qd7 Qxe3+ 43. Kh2 Qc1 44. Bg2 f5 45. c7) 40... Kh7 {( -> ...Rf3)} 41.
Qf5+ (41. fxe3 $142 Qd2+ 42. Kh1) 41... Kg8 {White must now prevent ...Rf3.}
42. fxe3 {Weighted Error Value: White=0.63/Black=0.58} 1-0

[Event "FIDE Chesscom Grand Swiss 2021"]
[Site "Riga"]
[Date "2021.11.06"]
[Round "10.26"]
[White "Zhou, Jianchao"]
[Black "Ponkratov, Pavel"]
[Result "0-1"]
[WhiteElo "2629"]
[BlackElo "2659"]
[Annotator "TA"]
[PlyCount "112"]
[EventDate "2021.10.27"]
[EventType "swiss"]
[EventCountry "LAT"]
[Tiebreak "Cut1 Buchholz+Sonneborn-Berger (Swiss)"]
[SourceTitle "playchess.com"]
[Source "ChessBase"]
[SourceQuality "1"]

{[%evp 11,112,29,47,26,27,25,33,24,39,25,26,29,37,6,13,0,0,11,21,18,17,0,0,-19,
-17,-26,-24,0,12,-19,0,-84,-77,-130,-41,-57,-34,-51,-61,-64,-25,-62,-39,-185,
-160,-236,-160,-157,-137,-118,-133,-219,-199,-200,-205,-221,-172,-163,-172,
-176,-171,-168,-189,-168,-159,-214,-180,-160,-145,-153,-153,-188,-137,-242,
-222,-356,-362,-554,-554,-522,-506,-416,-231,-215,-223,-514,-475,-944,-950,
-902,-821,-897,-935,-29975,-29976,-29976,-29977,-29985,-29986,-29991,-29985,
-29990,-29991]} 1. d4 d5 2. c4 e6 3. Nc3 c6 4. e3 Nd7 5. Nf3 f5 6. Qc2 Nh6 7.
g3 {A84: Dutch Defence: 2 c4 Miscellaneous.} Bd6 8. Bg2 O-O {[#]} 9. O-O $146 {
White is slightly better.} ({Predecessor:} 9. b3 dxc4 10. bxc4 e5 11. dxe5 Nxe5
12. O-O Be6 13. Rb1 Bxc4 14. Rd1 Nxf3+ 15. Bxf3 {1-0 (28) Garcia,L (1975)
-Cirilo,G (1918) Sao Paulo 2013}) 9... Nf7 10. b3 Qe7 11. a4 a5 12. Qa2 Bb4 13.
Ba3 dxc4 14. bxc4 e5 15. Rfc1 e4 16. Ne1 h5 17. Ne2 h4 18. Bxb4 axb4 19. c5 Nf6
20. Nf4 hxg3 21. hxg3 (21. fxg3 $11 {remains equal.} Re8 22. Qb3) 21... Kh7 $17
22. d5 (22. Qb2 $142) 22... cxd5 (22... g5 $17 23. d6 Qe5) 23. Nc2 $15 Qxc5 24.
Rab1 Qd6 25. Nxb4 Rd8 26. Rd1 {[%cal Rb4d5]} Ra5 27. Qd2 (27. Bf1 $1 $15) 27...
b6 (27... Rxa4 28. Nbxd5 Nxd5 29. Qxd5 $15) 28. Na2 (28. Rbc1 $17 Bd7 29. Qd4)
28... g5 (28... Rxa4 29. Nc3 $15) 29. Ne2 Rxa4 {Hoping for ...Ng4.} 30. Nac3
Rc4 31. Qb2 (31. Nb5 $17 Qf8 32. Nbd4) 31... Ne5 $1 $19 32. Nb5 Qe7 33. Nbd4
Rd6 34. Qa3 Rc5 $1 35. Nb3 {[#]} Nc4 $1 36. Qb4 Rc7 37. Nbd4 {intending Nb5.}
Bd7 38. Ra1 (38. Nc3 $17) 38... Kg6 39. Ra8 Qh7 40. Rc1 {aiming for Rxc4!} Rc5
{...Ng4 is the strong threat.} 41. Rb8 Qe7 (41... Ng4 $2 42. Rxc4 $1 {[%mdl
512]} dxc4 43. Rxb6 $18) ({Black should try} 41... Qh5 $1 $19 42. Rc2 Qh6) 42.
Rb7 (42. Ra1 $17) 42... Qd8 43. Bh3 (43. Nb3 $142 Rb5 44. Qc3) 43... Qh8 $1 {
[%cal Rh8h3]} 44. Rxd7 (44. Bg2 $142) 44... Qxh3 (44... Rxd7 45. Bxf5+ Kf7 46.
Ne6 $11) 45. Rxd6 Nxd6 46. Ne6 {[#]} Rxc1+ (46... Qh6 $142 $1 {Strongly
threatening ...Ng4!} 47. Kg2 (47. Nxc5 $2 Ng4 $19) (47. Nxg5 Rxc1+) 47... Rxc1
48. Nxc1 f4 $1 49. Qxd6 f3+ 50. Kg1 Qh3 51. Nf8+ Kf7 52. Qe6+ Qxe6 53. Nxe6
Kxe6) 47. Nxc1 {[#]} f4 $1 {[%cal Rf4f3]} 48. Nxg5 ({But not} 48. Qxd6 $2 f3
$19) (48. Nxf4+ {is the only way for White.} gxf4 49. Ne2) (48. Nxf4+ gxf4)
48... Qc8 49. Nb3 (49. Ne2 $142 f3 50. Ne6 fxe2 51. Nf4+ Kf7 52. Nxe2) 49...
fxe3 50. fxe3 Nde8 51. Nxe4 dxe4 52. Qxb6 Qc3 {Black mates.} 53. Kf2 Nc7 54.
Qa5 Ng4+ {[%mdl 64] Double Attack} 55. Kg2 Nxe3+ 56. Kg1 Qxb3 {Weighted Error
Value: White=0.50/Black=0.14} 0-1

[Event "FIDE Chesscom Grand Swiss 2021"]
[Site "Riga"]
[Date "2021.11.06"]
[Round "10.27"]
[White "Hovhannisyan, Robert"]
[Black "Cori, Jorge"]
[Result "1/2-1/2"]
[WhiteElo "2622"]
[BlackElo "2655"]
[Annotator "TA"]
[PlyCount "163"]
[EventDate "2021.10.27"]
[EventType "swiss"]
[EventCountry "LAT"]
[Tiebreak "Cut1 Buchholz+Sonneborn-Berger (Swiss)"]
[SourceTitle "playchess.com"]
[Source "ChessBase"]
[SourceQuality "1"]

{[%evp 10,163,34,25,36,32,36,27,69,69,67,64,73,66,93,93,99,99,158,149,172,172,
172,172,172,156,168,143,160,128,155,85,86,86,86,86,86,86,85,79,79,79,79,79,98,
92,138,81,138,57,104,50,48,45,45,45,51,48,52,52,52,45,69,69,69,69,84,84,84,0,
84,84,84,84,84,0,84,0,26,8,8,8,8,0,0,0,0,0,0,0,9,0,0,0,0,0,0,0,0,0,0,0,0,0,8,8,
8,8,8,8,8,0,0,0,0,0,0,0,0,0,0,0,0,0,0,0,0,0,0,0,0,0,0,0,0,0,0,0,0,0,0,0,0,0,0,
0,0,0,0,0,8,8,8,8,8,8]} 1. e4 c6 2. d4 d5 3. e5 Bf5 4. Nf3 e6 5. Be2 Ne7 6. O-O
Ng6 {6...h6 is setting a new trend. B12: Caro-Kann: Advance Variation.} 7. a4
Nd7 8. Ne1 $5 {[%mdl 4] Black must now prevent g4. Exploring less charted
territory.} h5 {[#] White has an edge.} 9. Na3 $146 ({Predecessor:} 9. a5 c5
10. c3 cxd4 11. cxd4 Bxb1 12. Rxb1 Qxa5 13. Be3 h4 14. h3 Be7 15. Bd3 {1-0 (33)
Malmstroem,J (1993)-Sherwood,R (1801) IECG email 2006}) 9... h4 10. c3 f6 11.
f4 Kf7 12. Nac2 Be4 13. Nf3 Be7 (13... h3 $142) 14. Nd2 $16 Bxc2 15. Qxc2 f5
16. a5 Nb8 17. b4 Na6 18. Nb3 Nc7 19. Bd2 a6 20. g4 ({Better is} 20. h3) 20...
hxg3 21. hxg3 Qd7 22. Kg2 Rh6 23. Rh1 Rah8 24. Rxh6 Rxh6 25. Rh1 Rxh1 26. Kxh1
Nh8 27. g4 g6 28. Kg2 (28. g5 $142) 28... Kg7 ({Black should play} 28... fxg4
29. Bxg4 Ne8) 29. Be1 (29. Qd1 $16) 29... Nf7 30. gxf5 (30. g5 $16) 30... exf5
$14 31. Qd3 Nd8 32. Qg3 Nde6 33. Bd3 Qc8 34. Nd2 Kf7 35. Qh2 Kg7 36. Bh4 Bxh4
37. Qxh4 Qh8 38. Qf6+ Kh7 39. Qh4+ (39. Qxh8+ $1 $16 Kxh8 40. Kf3) 39... Kg8 (
39... Kg7 $1 $11 40. Qf6+ Kh7 41. Qxh8+ Kxh8) 40. Qxh8+ $16 Kxh8 {[%mdl 4096]
Endgame KBN-KNN} 41. Kf3 Kg7 {[#]} 42. Ke3 (42. Nb3 $1 $16) 42... Kf7 {[#]} (
42... Nb5 $11) 43. Nf3 (43. Nb3 $1 $16) 43... Ng7 44. Ng1 Nge6 {The position
is equal.} 45. Ne2 Kg7 46. Ng3 Kf7 47. Bc2 Nb5 48. Ne2 Kg7 49. Bd3 Nbc7 50. Ng1
Kh6 51. Be2 g5 52. fxg5+ Kxg5 53. Bf1 Nf4 54. Bh3 {Strongly threatening Nf3+.}
Nce6 55. Kf3 Nh5 56. Bg2 Kh4 (56... Nhf4 {feels hotter.} 57. Kg3 Nh5+ 58. Kf2
Nhf4 59. Bf1 Kg4) 57. Nh3 Ng5+ 58. Nxg5 Kxg5 $11 {KB-KN} 59. Bf1 Nf4 60. Ke3
Ne6 61. Be2 Kh4 62. Kf3 Kg5 63. Bd1 Kg6 64. Bc2 Kg5 65. Bb3 Kg6 66. Bd1 Kg5 67.
Be2 Kh4 68. Bf1 Kg5 69. Kg3 Kh5 70. Bd3 Kg5 71. Be2 Nf4 72. Kf3 Ne6 73. Kf2 Nf4
74. Ke3 Ng2+ 75. Kd2 Nf4 76. Ke3 Ng2+ 77. Kf2 Nf4 78. Kf3 Ne6 79. Bf1 Kh4 80.
c4 Kg5 81. cxd5 cxd5 82. Bg2 {Black escapes into a draw.  Weighted Error Value:
White=0.12/Black=0.15} 1/2-1/2

[Event "FIDE Chesscom Grand Swiss 2021"]
[Site "Riga"]
[Date "2021.11.06"]
[Round "10.28"]
[White "Indjic, Aleksandar"]
[Black "Volokitin, Andrei"]
[Result "0-1"]
[WhiteElo "2612"]
[BlackElo "2652"]
[Annotator "TA"]
[PlyCount "102"]
[EventDate "2021.10.27"]
[EventType "swiss"]
[EventCountry "LAT"]
[Tiebreak "Cut1 Buchholz+Sonneborn-Berger (Swiss)"]
[SourceTitle "playchess.com"]
[Source "ChessBase"]
[SourceQuality "1"]

{[%evp 11,102,0,0,0,0,0,0,0,0,0,0,0,0,0,0,11,6,-32,-31,-77,0,0,0,0,0,0,0,-7,-8,
-41,0,0,0,0,0,-81,-81,-81,-82,-80,-77,-79,-68,-85,-72,-64,-14,-20,-34,-51,-38,
-93,-88,-101,-106,-106,-74,-77,-69,-74,-60,-75,-71,-60,-64,-141,-120,-147,-121,
-121,-128,-157,-158,-212,-198,-679,-676,-766,-751,-766,-766,-882,-766,-759,
-743,-735,-727,-607,-382,-1531,-1522,-1091,-991]} 1. e4 c5 2. Nc3 e6 3. Nge2
Nc6 4. g3 d5 5. exd5 exd5 6. d4 Bg4 7. Bg2 {B23: Closed Sicilian: Lines
without g3.} Nxd4 8. h3 Bf3 9. Kf1 {The position is equal.} Qf6 10. Qd3 Bxg2+
11. Kxg2 {[#]} Nxe2 $146 ({Predecessor:} 11... O-O-O 12. Nxd4 cxd4 13. Nb5 Bc5
14. Rd1 Ne7 15. Nxd4 Nc6 16. Be3 Rhe8 17. c3 Re4 18. Nxc6 Bxe3 19. fxe3 Qxc6 {
1-0 (35) Hugentobler,P (2139)-Mueller,W (1949) Zuoz 2019}) 12. Qxe2+ Ne7 13.
Nb5 Rd8 14. Bf4 {Hoping for Rhe1.} d4 15. Kh2 {[#]} Rd7 (15... a6 $1 $17 {
[%cal Ra6b5]} 16. Na3 (16. Nc7+ Kd7 $15) 16... b5) 16. Rhe1 $11 a6 17. Nc7+ Kd8
18. Na8 Rg8 19. a4 g5 20. Bb8 Bg7 {Threatens to win with ...Nc6.} 21. Ba7 Nd5 {
And now ...d3! would win.} 22. Bxc5 Qc6 23. Ba3 (23. Ba7 $11 {keeps the
balance.}) 23... Kc8 $17 24. a5 Kb8 $36 {[%mdl 2048] Black has strong
initiative.} 25. Nb6 Nxb6 26. axb6 Qxb6 27. Qd3 Qg6 28. Re4 f5 29. Re2 f4 30.
Qxg6 hxg6 31. Re6 (31. Kg2 $15) 31... Rc8 32. Rc1 d3 33. c3 fxg3+ 34. Kxg3 Bf8
35. Bxf8 {aiming for Bd6+.} Rxf8 $15 {[%mdl 4096] Endgame KRR-KRR} 36. Rd1 d2
37. Kg2 Rf5 38. Rxg6 (38. Kf1 $15) 38... Rb5 39. b4 Re5 {...Re1 is the strong
threat.} 40. Kf1 Rd3 41. c4 {[#]} Rd4 $1 42. c5 (42. Rg8+ $17 Ka7 43. Rc8)
42... Rxb4 $19 43. c6 $2 (43. Rg8+ Ka7 44. c6 bxc6 45. Rxd2) 43... Rd4 44. cxb7
Kxb7 45. Rf6 a5 {[%cal Ba6a5,Ba5a4][%mdl 32]} 46. Rf3 a4 47. Ra3 Kc6 48. Ra2
Red5 49. Ke2 Kb5 50. f3 $2 (50. Rb1+ Rb4 51. Rg1) 50... Rd3 51. Rb1+ Ka5 {
Weighted Error Value: White=0.43/Black=0.14} 0-1

[Event "FIDE Chesscom Grand Swiss 2021"]
[Site "Riga"]
[Date "2021.11.06"]
[Round "10.29"]
[White "Zvjaginsev, Vadim"]
[Black "Demchenko, Anton"]
[Result "1/2-1/2"]
[WhiteElo "2609"]
[BlackElo "2651"]
[Annotator "TA"]
[PlyCount "71"]
[EventDate "2021.10.27"]
[EventType "swiss"]
[EventCountry "LAT"]
[Tiebreak "Cut1 Buchholz+Sonneborn-Berger (Swiss)"]
[SourceTitle "playchess.com"]
[Source "ChessBase"]
[SourceQuality "1"]

{[%evp 9,71,5,19,22,18,20,17,18,22,22,22,19,17,17,18,20,39,35,35,10,9,10,15,14,
12,18,12,31,19,17,33,4,27,0,0,0,81,81,82,29,43,36,65,15,12,0,0,0,0,0,0,0,0,0,0,
0,0,0,0,0,0,0,0,0]} 1. c4 e5 2. Nc3 Bb4 3. Nd5 a5 4. a3 Be7 5. d4 d6 6. Nf3 {
A21: English Opening: 1...e5 2 Nc3.} e4 7. Nd2 f5 8. Nb1 Nf6 9. Nxe7 Qxe7 10.
Bg5 O-O 11. Nc3 Be6 12. e3 Nbd7 13. Be2 h6 {[#]} 14. Bxf6 $146 (14. Bf4 {
is interesting.} Nb6 15. d5 Bf7 16. Nb5 Be8 17. Nd4) ({Predecessor:} 14. Bh4
Nb6 15. d5 Bd7 16. Bg3 Be8 17. Rc1 Nbd7 18. Nb5 Nc5 19. Nd4 Bd7 20. b4 axb4 21.
axb4 {1-0 (44) Khmelniker,I (2493)-Mannion,S (2313) Douglas 2016}) 14... Nxf6
15. O-O g5 16. Qd2 a4 17. f3 exf3 18. Rxf3 d5 19. cxd5 Nxd5 20. Re1 Qd7 21. Bc4
c6 22. e4 Nf4 (22... Nxc3 $11 {keeps the balance.} 23. Bxe6+ Qxe6 24. exf5 Qd7
25. bxc3 (25. Qxc3 Rxf5 26. Rxf5 Qxf5 $11) 25... Rxf5) 23. Bxe6+ $16 Qxe6 {[#]}
24. h4 (24. d5 $1 $16 {[%cal Rd5e6]} Qd7 25. d6) 24... Qd6 25. hxg5 hxg5 26.
Rg3 (26. e5 $5 {[%cal Re5d6]} Qh6 27. Ne2 $14) 26... Ne6 {The position is
equal.} 27. Rxg5+ Nxg5 28. Qxg5+ {[%mdl 64] [#] Double Attack} Kf7 29. exf5 {
White wants to mate with Re7+!} Qxd4+ 30. Re3 {[%csl Gf5][%cal Rg5g6]} Rfe8 31.
Qg6+ Kf8 32. Qh6+ Kf7 33. Qh7+ Kf8 $1 34. Qh6+ Kf7 35. Qg6+ Kf8 36. Qh6+ {
Weighted Error Value: White=0.07/Black=0.08} 1/2-1/2